000
00311nam a2200133Ia 4500
008
220204s9999 xx 000 0 und d
082
_a
744.5
_b
BEL
100
_a
Bellis, H F
245
0
_a
Blueprint reading
250
_a
Ed.2
260
_a
New York
_b
McGraw Hill
_c
1978
700
_a
Schmidt, W A
942
_c
BK
999
_c
30659
_d
30659